000 00848cam a2200265 a 4500
001 000007125
003 OSt
005 20200929154056.0
008 730213s1968 nyu 000 1 eng d
040 _aDO-SdBNP
_bspa
_cBNPHU
041 1 7 _aspa
_heng
082 _a820.7
_bJ89a
100 1 _aJoyce, James,
_d1882-1941.
_912877
245 1 2 _aA portrait of the artist as a young man /
_cJames Joyce ; edición Chester G. Anderson.
260 _aNew York :
_bColumbia University ;
_bViking Press,
_c1968.
300 _a570 p. ;
_c20 cm.
490 1 _aThe viking critical library
590 _aInventariado, 2020 / DG
650 4 _aNovela irlandesa
_911511
650 4 _aLiteratura irlandesa
_911512
700 1 _aAnderson, Chester G.,
_eed.
_919769
830 0 _aThe viking critical library.
_919770
910 _aEn catalogaciòn
942 _2ddc
_cLF1
999 _c6906
_d6906